[Event "Rated Blitz game"]
[Site "?"]
[Date "2021.11.19"]
[Round "?"]
[White "jdjdejdejy"]
[Black "Nepsuliini"]
[Result "0-1"]
[WhiteElo "2443"]
[BlackElo "2415"]
[PlyCount "56"]
[EventDate "2021.??.??"]
[EventType "blitz"]

1. e4 e5 2. Nf3 d5 3. exd5 Bd6 4. Nc3 Nf6 5. Bb5+ Nbd7 6. d3 O-O 7. Bg5 a6 8.
Bc4 b5 9. Bb3 Bb7 10. O-O h6 11. Bxf6 Nxf6 12. Re1 Re8 13. a3 Qd7 14. Qd2 Rad8
15. Re2 Nh5 16. Ne4 Nf4 17. Ree1 Qg4 18. Ng3 Nxd5 19. h3 Qg6 20. Nh4 Qf6 21.
Nhf5 Nf4 22. Nxd6 cxd6 23. f3 Qg5 24. Kh2 h5 25. Ne4 Qg6 26. c4 d5 27. cxd5
Bxd5 28. Bxd5 Rxd5 {Time forfeit} 0-1

[Event "Rated Blitz game"]
[Site "?"]
[Date "2021.11.19"]
[Round "?"]
[White "limosity"]
[Black "GrandeGila"]
[Result "0-1"]
[WhiteElo "2387"]
[BlackElo "2500"]
[PlyCount "32"]
[EventDate "2021.??.??"]
[EventType "blitz"]

1. e4 e5 2. Nf3 d5 3. exd5 e4 4. Nd4 Qxd5 5. Nb3 Bf5 6. Nc3 Qe6 7. Nd4 Qd7 8.
Nxf5 Qxf5 9. Qe2 Nf6 10. d3 Bb4 11. Bd2 Bxc3 12. Bxc3 O-O 13. Bxf6 Qxf6 14.
Qxe4 Qxb2 15. Rd1 Qc3+ 16. Ke2 Nc6 {Normal} 0-1

[Event "Rated Blitz game"]
[Site "?"]
[Date "2021.11.19"]
[Round "?"]
[White "Vahe_S"]
[Black "RCompany_1"]
[Result "1-0"]
[WhiteElo "2446"]
[BlackElo "2414"]
[PlyCount "109"]
[EventDate "2021.??.??"]
[EventType "blitz"]

1. e4 e5 2. Nf3 d5 3. exd5 e4 4. Qe2 Nf6 5. Nc3 Be7 6. Nxe4 Nxd5 7. Qd1 O-O 8.
Be2 c5 9. O-O Nc6 10. d4 cxd4 11. Nxd4 Ne5 12. f4 Nc6 13. Nxc6 bxc6 14. c4 Nb4
15. a3 Qb6+ 16. Kh1 Bf5 17. Ng3 Rad8 18. Nxf5 Rxd1 19. Nxe7+ Kh8 20. Rxd1 Nc2
21. Rb1 Re8 22. Bd3 Nxa3 23. bxa3 Qf2 24. Bd2 h6 25. Bc3 Qxf4 26. Nf5 f6 27.
Rb7 Rd8 28. Rbb1 Rxd3 29. Rxd3 Qxf5 30. Rbd1 Qc5 31. Rd4 Qxa3 32. R4d3 Qc5 33.
Rd8+ Kh7 34. R8d4 a5 35. Ra1 f5 36. Rxa5 Qe7 37. h3 h5 38. Rxf5 Qe3 39. Rxh5+
Kg6 40. Rhh4 Qc1+ 41. Kh2 Qxc3 42. Rhg4+ Kf7 43. Rdf4+ Ke6 44. Re4+ Kf5 45.
Rgf4+ Kg5 46. h4+ Kh5 47. Re5+ Kg6 48. Rg4+ Kf6 49. Reg5 g6 50. Rxg6+ Kf7 51.
h5 Qe5+ 52. Rg3 Qxh5+ 53. Kg1 Qxg6 54. Kf2 Qf6+ 55. Rf3 {Time forfeit} 1-0

[Event "Rated Blitz game"]
[Site "?"]
[Date "2021.11.19"]
[Round "?"]
[White "Kiasalim8"]
[Black "Roberto_Baggio1978"]
[Result "1-0"]
[WhiteElo "2530"]
[BlackElo "2558"]
[PlyCount "89"]
[EventDate "2021.??.??"]
[EventType "blitz"]

1. e4 e5 2. Nf3 d5 3. exd5 e4 4. Qe2 Nf6 5. d3 Qxd5 6. Nc3 Bb4 7. Bd2 Bxc3 8.
Bxc3 O-O 9. dxe4 Nxe4 10. Rd1 Nxc3 11. bxc3 Qxa2 12. Qd2 Nc6 13. Bd3 Re8+ 14.
Kf1 Bg4 15. h3 Bxf3 16. gxf3 Rad8 17. Rg1 g6 18. h4 Ne5 19. h5 Nxf3 20. Qh6 Qd5
21. hxg6 fxg6 22. Rg4 Ne5 23. Rd4 Qf3 24. Be4 Qxd1+ 25. Rxd1 Rxd1+ 26. Kg2 Nf7
27. Qf4 Rd6 28. Bxb7 Re5 29. c4 Kg7 30. Bd5 Rf6 31. Qd4 Ref5 32. f3 Ng5 33.
Qxa7 Nxf3 34. Qxc7+ Kh6 35. Bxf3 Rxf3 36. Qh2+ Kg7 37. Qc7+ Rf7 38. Qe5+ Kg8
39. Qe8+ Rf8 40. Qe6+ R3f7 41. c5 Kg7 42. Qe5+ Kh6 43. c6 Rf5 44. Qe3+ Kg7 45.
c7 {Normal} 1-0

[Event "Rated Blitz game"]
[Site "?"]
[Date "2021.11.19"]
[Round "?"]
[White "CoolerMove"]
[Black "sierra92"]
[Result "1/2-1/2"]
[WhiteElo "2538"]
[BlackElo "2558"]
[PlyCount "134"]
[EventDate "2021.??.??"]
[EventType "blitz"]

1. e4 e5 2. Nf3 d5 3. Bc4 dxc4 4. Nxe5 Qd4 5. Qh5 g6 6. c3 Qxf2+ 7. Kxf2 gxh5
8. Nxc4 Be6 9. Ne3 c5 10. d4 cxd4 11. cxd4 Bg7 12. d5 Bd7 13. Nc3 Nf6 14. h3
O-O 15. Nc4 Na6 16. e5 Ne8 17. Bf4 Nb4 18. Rad1 Rc8 19. Ne3 Nc7 20. a3 Nba6 21.
d6 Ne6 22. Bg3 f6 23. Rhe1 fxe5+ 24. Kg1 Nac5 25. Ned5 Rcd8 26. Ne7+ Kh8 27.
Bxe5 Bxe5 28. Rxe5 b6 29. Rxh5 Nb7 30. Ng6+ Kg7 31. Nxf8 Rxf8 32. Rh4 Nec5 33.
Re1 Rf7 34. Re7 Nxd6 35. Rxf7+ Nxf7 36. b4 Ne6 37. Rc4 Nd6 38. Rg4+ Kf6 39. Rg8
Nf4 40. Ra8 Kf5 41. Rxa7 Be6 42. Rxh7 Nc4 43. a4 Ke5 44. a5 bxa5 45. bxa5 Nxa5
46. Rh5+ Nxh5 47. Nd1 Nf4 48. Ne3 Nc4 49. Nf1 Ke4 50. Kf2 Bd5 51. Ng3+ Kd4 52.
Nf5+ Kc3 53. Ne7 Nd3+ 54. Kg3 Bxg2 55. Kxg2 Nf4+ 56. Kh2 Nxh3 57. Nc8 Nd2 58.
Na7 Kd4 59. Kg3 Nf2 60. Kxf2 Kc3 61. Kg2 Kb2 62. Kh2 Nb3 63. Nc8 Ka1 64. Ne7
Nd2 65. Nf5 Nf1+ 66. Kg2 Ne3+ 67. Kf3 Nxf5 {Normal} 1/2-1/2

[Event "Rated Blitz game"]
[Site "?"]
[Date "2021.11.19"]
[Round "?"]
[White "Klati-ushko"]
[Black "Drink_678"]
[Result "1-0"]
[WhiteElo "2354"]
[BlackElo "2443"]
[PlyCount "79"]
[EventDate "2021.??.??"]
[EventType "blitz"]

1. e4 e5 2. Nf3 d5 3. exd5 e4 4. Qe2 Qe7 5. Nd4 Nf6 6. c4 Nbd7 7. d3 exd3 8.
Qxe7+ Bxe7 9. Bxd3 Nc5 10. Bc2 Bd7 11. O-O O-O-O 12. Nc3 a5 13. Re1 Rhe8 14.
Bf4 Bd6 15. Bxd6 cxd6 16. Rxe8 Rxe8 17. Kf1 Nfe4 18. Nxe4 Nxe4 19. Bxe4 Rxe4
20. Rd1 Kc7 21. f3 Re5 22. Kf2 Kb6 23. b3 Kc5 24. Nc2 Bf5 25. Ne3 Bd7 26. Nc2
Bf5 27. Nd4 Bd7 28. g4 Kb4 29. Nc2+ Kc3 30. Ne3 a4 31. Rc1+ Kb2 32. Rc2+ Kb1
33. Rd2 Kc1 34. Rd1+ Kb2 35. Rd2+ Ka3 36. bxa4 Bxa4 37. Nf5 Bd7 38. Nxd6 b6 39.
c5 bxc5 40. Nc4+ {Normal} 1-0

[Event "Rated Blitz game"]
[Site "?"]
[Date "2021.11.19"]
[Round "?"]
[White "LabutinAa"]
[Black "papasi"]
[Result "1/2-1/2"]
[WhiteElo "2587"]
[BlackElo "2619"]
[PlyCount "130"]
[EventDate "2021.??.??"]
[EventType "blitz"]

1. e4 e5 2. Nf3 d5 3. Qe2 dxe4 4. Qxe4 f6 5. g3 Nc6 6. Bg2 Bc5 7. O-O Nge7 8.
c3 Bf5 9. Qe2 Bd3 10. Qe1 Bxf1 11. Qxf1 O-O 12. b4 Bb6 13. a4 a5 14. b5 Na7 15.
Ba3 Nac8 16. d4 exd4 17. cxd4 Re8 18. Nc3 Nd6 19. h4 Nef5 20. Qd3 Qd7 21. h5
Rad8 22. g4 Nh6 23. g5 fxg5 24. Nxg5 Qf5 25. Qg3 Bxd4 26. Rc1 Nc4 27. Be4 Rxe4
28. Ncxe4 Nxa3 29. Rxc7 Be5 30. Qb3+ Kh8 31. Rxb7 Qg4+ 32. Kf1 Rd1+ 33. Qxd1
Qxd1+ 34. Kg2 Qg4+ 35. Kf1 Qxh5 36. Ra7 g6 37. Rxh7+ Kg8 38. Re7 Nc4 39. b6
Qd1+ 40. Kg2 Qg4+ 41. Kf1 Nxb6 42. Rxe5 Qd1+ 43. Kg2 Nf5 44. Rxa5 Nxa4 45. Ra7
Qd4 46. Ra8+ Kg7 47. Ne6+ Kh6 48. Nxd4 Nxd4 49. Rxa4 Ne6 50. Ra6 Nf4+ 51. Kf3
Nd3 52. Ng3 Ne5+ 53. Ke4 Nd7 54. Rd6 Nc5+ 55. Kd5 Nd3 56. Nf5+ Kg5 57. Ne3 Nxf2
58. Re6 Nd3 59. Ke4 Nc5+ 60. Kd5 Nxe6 61. Kxe6 Kf4 62. Nd5+ Kg4 63. Ne3+ Kf4
64. Nd5+ Kg4 65. Ne3+ Kf4 {Normal} 1/2-1/2

[Event "Rated Blitz game"]
[Site "?"]
[Date "2021.11.19"]
[Round "?"]
[White "ElkanovDavid"]
[Black "Tristan2020"]
[Result "1-0"]
[WhiteElo "2426"]
[BlackElo "2344"]
[PlyCount "83"]
[EventDate "2021.??.??"]
[EventType "blitz"]

1. e4 e5 2. Nf3 d5 3. exd5 e4 4. Qe2 Nf6 5. Nc3 Bb4 6. Nxe4 O-O 7. Nxf6+ Qxf6
8. c3 Ba5 9. d4 c6 10. dxc6 Qxc6 11. Ne5 Qc7 12. Bd2 Re8 13. O-O-O Nc6 14. f4
Be6 15. Nxc6 Bxa2 16. Ne5 f6 17. Qb5 fxe5 18. fxe5 a6 19. Qa4 Bf7 20. Bd3 b5
21. Qc2 Bd5 22. Bxh7+ Kh8 23. Be4 Qb7 24. Bxd5 Qxd5 25. Kb1 Rac8 26. Qd3 Rc4
27. Qf3 Qd8 28. Qh5+ Kg8 29. Rhf1 Re7 30. Rf3 b4 31. Rh3 bxc3 32. Qh8+ Kf7 33.
Rf3+ Ke6 34. Qxd8 Bxd8 35. Bxc3 Kd5 36. Rf8 Bb6 37. Rb8 Re6 38. Rb7 a5 39. Rd7+
Ke4 40. Rxg7 Bxd4 41. Rxd4+ Rxd4 42. Rg4+ {Normal} 1-0

[Event "Rated Blitz game"]
[Site "?"]
[Date "2021.11.19"]
[Round "?"]
[White "MilBor"]
[Black "Engvangchess"]
[Result "1-0"]
[WhiteElo "2362"]
[BlackElo "2403"]
[PlyCount "47"]
[EventDate "2021.??.??"]
[EventType "blitz"]

1. e4 e5 2. Nf3 d5 3. exd5 Bd6 4. Nc3 Nf6 5. d4 e4 6. Ne5 O-O 7. Bg5 Bf5 8. f3
exf3 9. Qxf3 Bxc2 10. Be2 Nbd7 11. O-O Bxe5 12. dxe5 Nxe5 13. Qg3 Ng6 14. Bd3
Bxd3 15. Qxd3 Qd6 16. Bxf6 gxf6 17. Ne4 Qb6+ 18. Kh1 f5 19. Rxf5 f6 20. Raf1
Qxb2 21. Nxf6+ Kh8 22. Qh3 Rf7 23. Qh6 Raf8 24. Rh5 {Normal} 1-0

[Event "Rated Blitz game"]
[Site "?"]
[Date "2021.11.19"]
[Round "?"]
[White "To_Pe"]
[Black "Annali-annaliew1979"]
[Result "0-1"]
[WhiteElo "2509"]
[BlackElo "2448"]
[PlyCount "32"]
[EventDate "2021.??.??"]
[EventType "blitz"]

1. e4 e5 2. Nf3 d5 3. Nxe5 Qe7 4. d4 f6 5. Nf3 dxe4 6. Nfd2 f5 7. Bc4 Nf6 8.
O-O Nc6 9. Nb3 Be6 10. Bxe6 Qxe6 11. Nc3 O-O-O 12. Bd2 Nxd4 13. Nxd4 Rxd4 14.
Qe2 Bd6 15. Nb5 Qe5 16. f3 Rxd2 {Normal} 0-1

[Event "Rated Blitz game"]
[Site "?"]
[Date "2021.11.19"]
[Round "?"]
[White "maxsumaxs"]
[Black "SargisM"]
[Result "0-1"]
[WhiteElo "2505"]
[BlackElo "2529"]
[PlyCount "44"]
[EventDate "2021.??.??"]
[EventType "blitz"]

1. e4 e5 2. Nf3 d5 3. Nxe5 dxe4 4. Qe2 Nf6 5. d3 Bd6 6. Nc4 O-O 7. Nxd6 cxd6 8.
dxe4 Nxe4 9. Be3 Nc6 10. Nd2 Bf5 11. Nxe4 Bxe4 12. O-O-O Qa5 13. a3 Rac8 14.
Kb1 Ne5 15. Rc1 Rxc2 16. Rxc2 Rc8 17. f4 Qa4 18. fxe5 Rxc2 19. Qxc2 Qxc2+ 20.
Ka2 Bd5+ 21. Ka1 Qd1+ 22. Bc1 Qxc1# {Normal} 0-1

[Event "Rated Blitz game"]
[Site "?"]
[Date "2021.11.19"]
[Round "?"]
[White "chesswithmra"]
[Black "Artem_0degov"]
[Result "0-1"]
[WhiteElo "2668"]
[BlackElo "2559"]
[PlyCount "56"]
[EventDate "2021.??.??"]
[EventType "blitz"]

1. e4 e5 2. Nf3 d5 3. d4 dxe4 4. Nxe5 Bd6 5. Nc4 Nf6 6. Nc3 O-O 7. Bg5 Nc6 8.
Be2 Be7 9. d5 Nb4 10. Ne3 Nfxd5 11. Bxe7 Nxe7 12. a3 Nbc6 13. Nxe4 Nf5 14. Nxf5
Bxf5 15. Ng3 Bg6 16. O-O Qf6 17. c3 Rad8 18. Qb3 Na5 19. Qb4 b6 20. Rad1 c5 21.
Qg4 Nc6 22. f4 Bc2 23. Rxd8 Rxd8 24. Rc1 Bb3 25. Bf3 Ne7 26. Re1 Ng6 27. Nh5
Qh4 28. f5 Qxe1# {Normal} 0-1

[Event "Rated Blitz game"]
[Site "?"]
[Date "2021.11.19"]
[Round "?"]
[White "uriberto"]
[Black "blastol"]
[Result "1-0"]
[WhiteElo "2547"]
[BlackElo "2502"]
[PlyCount "49"]
[EventDate "2021.??.??"]
[EventType "blitz"]

1. e4 e5 2. Nf3 d5 3. Nxe5 Bd6 4. d4 dxe4 5. Nc3 Nf6 6. Bc4 O-O 7. O-O Nc6 8.
Nxc6 bxc6 9. f3 exf3 10. Qxf3 Bg4 11. Qf2 Rb8 12. Bg5 Be7 13. Rae1 Rxb2 14. Bb3
Bb4 15. Re3 Qxd4 16. Bxf6 gxf6 17. Rg3 Qxf2+ 18. Kxf2 Bxc3 19. Rxc3 Be6 20.
Rxc6 Rc8 21. Ke3 Kg7 22. Ra1 Bd7 23. Rc5 Be6 24. Kd4 Bxb3 25. axb3 {Normal} 1-0

[Event "Rated Blitz game"]
[Site "?"]
[Date "2021.11.19"]
[Round "?"]
[White "Aragiotto"]
[Black "KamranShirazi"]
[Result "0-1"]
[WhiteElo "2521"]
[BlackElo "2614"]
[PlyCount "76"]
[EventDate "2021.??.??"]
[EventType "blitz"]

1. e4 e5 2. Nf3 d5 3. Nxe5 Bd6 4. d4 dxe4 5. Nc4 Be7 6. Nc3 Nf6 7. Bg5 Bf5 8.
Be2 h6 9. Bh4 Nc6 10. d5 Nb4 11. Ne3 Bh7 12. a3 Na6 13. Bb5+ Nd7 14. Bxe7 Qxe7
15. Bxa6 bxa6 16. O-O O-O 17. Qe2 f5 18. Qxa6 f4 19. Nc4 Rf6 20. Qb7 Raf8 21.
Rae1 Ne5 22. Nxe5 Qxe5 23. f3 Qd4+ 24. Kh1 exf3 25. Rxf3 Rb6 26. Qxc7 Rxb2 27.
d6 Rxc2 28. d7 Qd2 29. Rg1 Bf5 30. Rxf4 Bxd7 31. Rxf8+ Kxf8 32. Qd8+ Kf7 33.
Ne4 Qd3 34. Ng3 Qd5 35. Qb8 Qxg2+ 36. Rxg2 Rc1+ 37. Rg1 Bc6+ 38. Ne4 Bxe4# {
Normal} 0-1

[Event "Rated Blitz tournament wwAh2uwG"]
[Site "?"]
[Date "2021.11.19"]
[Round "?"]
[White "cheesman_css"]
[Black "yatayo"]
[Result "1-0"]
[WhiteElo "2559"]
[BlackElo "2475"]
[PlyCount "83"]
[EventDate "2021.??.??"]
[EventType "blitz"]

1. e4 e5 2. Nf3 d5 3. Nxe5 dxe4 4. d4 Nd7 5. Nxd7 Bxd7 6. Nc3 Nf6 7. Bg5 Bb4 8.
Bc4 h6 9. Bh4 c6 10. O-O Bf5 11. Qe2 Bxc3 12. bxc3 Qd6 13. g3 g5 14. f3 gxh4
15. fxe4 Bxe4 16. Bd3 O-O-O 17. Bxe4 Nxe4 18. Qxe4 hxg3 19. Rxf7 gxh2+ 20. Kh1
Rde8 21. Qf5+ Kb8 22. Rb1 b6 23. Qf3 Rhf8 24. Rf1 Rxf7 25. Qxf7 Qd5+ 26. Qxd5
cxd5 27. Rf5 Re2 28. Rxd5 Rxc2 29. a4 Kb7 30. a5 Rxc3 31. axb6 Kxb6 32. Rh5 Rc6
33. Kxh2 a5 34. Kg2 a4 35. Rh1 Kb5 36. Kf3 Kb4 37. Ke4 a3 38. d5 Rc8 39. Rb1+
Kc3 40. Rc1+ Kb2 41. Rxc8 a2 42. Rb8+ {Normal} 1-0

[Event "Rated Blitz game"]
[Site "?"]
[Date "2021.11.18"]
[Round "?"]
[White "TheRedKing89"]
[Black "Roberto_Baggio1978"]
[Result "0-1"]
[WhiteElo "2723"]
[BlackElo "2630"]
[PlyCount "106"]
[EventDate "2021.??.??"]
[EventType "blitz"]

1. e4 e5 2. Nf3 d5 3. d4 dxe4 4. Nxe5 Bd6 5. Nc4 Nf6 6. Nc3 O-O 7. Nxd6 Qxd6 8.
h3 Nc6 9. Be3 Ne7 10. Qd2 Ned5 11. O-O-O Nxc3 12. Qxc3 Be6 13. Qc5 Qxc5 14.
dxc5 Nd5 15. Bd4 Rad8 16. a3 f5 17. g3 Rd7 18. c4 Ne7 19. Be2 Rfd8 20. Bc3
Rxd1+ 21. Rxd1 Rxd1+ 22. Bxd1 Kf7 23. h4 Bxc4 24. b4 Nd5 25. Bd4 f4 26. Kd2 e3+
27. fxe3 fxg3 28. Ke1 Nf6 29. Bf3 Bd5 30. Bxf6 Bxf3 31. Be5 g2 32. Kf2 c6 33.
Bb8 a6 34. a4 Be4 35. a5 Kg6 36. Bh2 Kh5 37. Kg3 Kg6 38. Kf4 Bd3 39. e4 Kf6 40.
Bg1 g6 41. Bd4+ Ke6 42. Bg1 h6 43. Bd4 Bf1 44. Be3 g5+ 45. hxg5 hxg5+ 46. Kxg5
Ke5 47. Kg4 Kxe4 48. Bf2 Kd3 49. Kf4 Kc4 50. Ke5 Kxb4 51. Kd6 Kxa5 52. Kc7 Kb5
53. Kxb7 a5 {Normal} 0-1

[Event "Rated Blitz tournament 8lVLqZOe"]
[Site "?"]
[Date "2021.11.18"]
[Round "?"]
[White "DmitriyBiryuk777"]
[Black "Madjrs72"]
[Result "1-0"]
[WhiteElo "2587"]
[BlackElo "2340"]
[PlyCount "81"]
[EventDate "2021.??.??"]
[EventType "blitz"]

1. e4 e5 2. Nf3 d5 3. Nxe5 Bd6 4. d4 dxe4 5. Nc3 Bxe5 6. dxe5 Qxd1+ 7. Nxd1 Nc6
8. Bb5 Bd7 9. Nc3 O-O-O 10. Nxe4 Nxe5 11. Bxd7+ Nxd7 12. O-O Ngf6 13. Nxf6 Nxf6
14. Bg5 Rhe8 15. Rfe1 Rxe1+ 16. Rxe1 Re8 17. Rxe8+ Nxe8 18. Kf1 Kd7 19. Ke2 Ke6
20. Bf4 c6 21. Be3 b6 22. Kd3 Nf6 23. f3 Nd5 24. Bd2 f6 25. c4 Ne7 26. a4 c5
27. Bc3 Nc6 28. Ke4 g6 29. g4 h6 30. Kf4 g5+ 31. Ke4 Ne7 32. f4 f5+ 33. gxf5+
Nxf5 34. fxg5 hxg5 35. Kf3 Nd6 36. Kg4 Nf7 37. b3 a5 38. Bg7 Ke7 39. Kf5 Nd6+
40. Kxg5 Ne4+ 41. Kg6 {Normal} 1-0

[Event "Rated Blitz tournament UKebGTTP"]
[Site "?"]
[Date "2021.11.18"]
[Round "?"]
[White "VadimCernov"]
[Black "posazh"]
[Result "1-0"]
[WhiteElo "2666"]
[BlackElo "2342"]
[PlyCount "37"]
[EventDate "2021.??.??"]
[EventType "blitz"]

1. e4 e5 2. Nf3 d5 3. Nxe5 Qe7 4. d4 f6 5. Nd3 Qxe4+ 6. Be3 c6 7. Nc3 Qg4 8. f3
Qe6 9. Qd2 Na6 10. O-O-O Nb4 11. Re1 Nxd3+ 12. Bxd3 Kf7 13. Bf4 Qd7 14. h4 Bd6
15. g4 Ne7 16. h5 Re8 17. Bxh7 b5 18. Bxd6 Qxd6 19. Bg6+ {Normal} 1-0

[Event "Rated Blitz game"]
[Site "?"]
[Date "2021.11.18"]
[Round "?"]
[White "LegendaryOM"]
[Black "RCompany_1"]
[Result "0-1"]
[WhiteElo "2413"]
[BlackElo "2381"]
[PlyCount "40"]
[EventDate "2021.??.??"]
[EventType "blitz"]

1. e4 e5 2. Nf3 d5 3. Nxe5 Bd6 4. d4 dxe4 5. Nc4 Be7 6. Nc3 Nf6 7. Bg5 O-O 8.
Be2 Nc6 9. Be3 Bb4 10. O-O Bxc3 11. bxc3 Nd5 12. Bd2 Bf5 13. Ne3 Bg6 14. c4 Nf4
15. d5 Nd4 16. Bg4 f5 17. Bh3 Nxh3+ 18. gxh3 Qh4 19. Ng2 Qxh3 20. Nf4 Nf3+ {
Normal} 0-1

[Event "Rated Blitz game"]
[Site "?"]
[Date "2021.11.18"]
[Round "?"]
[White "PimponNicois"]
[Black "Drink_678"]
[Result "0-1"]
[WhiteElo "2448"]
[BlackElo "2410"]
[PlyCount "112"]
[EventDate "2021.??.??"]
[EventType "blitz"]

1. e4 e5 2. Nf3 d5 3. exd5 e4 4. Qe2 Qe7 5. d3 Nf6 6. dxe4 Nxe4 7. Nbd2 Bf5 8.
Nxe4 Qxe4 9. c3 Be7 10. Qxe4 Bxe4 11. Bc4 Nd7 12. O-O O-O-O 13. Re1 Bxf3 14.
Rxe7 Bh5 15. d6 cxd6 16. Bxf7 Bg4 17. Be6 Rhe8 18. Bxd7+ Bxd7 19. Rxe8 Rxe8 20.
Be3 b6 21. Rd1 Re6 22. Kf1 Kc7 23. Ke2 Bc6 24. f3 d5 25. Kf2 Kd7 26. Rd4 g6 27.
Rf4 h5 28. Rf7+ Re7 29. Rf6 Re6 30. Rf8 Re8 31. Rf4 Ke6 32. Bd4 Kd7 33. h4 Re7
34. g4 hxg4 35. fxg4 Bb5 36. Kg3 Re2 37. Rf7+ Re7 38. Rf6 Bd3 39. a4 Re2 40. b4
Re6 41. Rf3 Bc2 42. Rf2 Bxa4 43. Ra2 b5 44. Bxa7 Re4 45. Bd4 Bd1 46. Rf2 Rxg4+
47. Kh3 Re4 48. Rf7+ Ke8 49. Rf6 Bg4+ 50. Kg3 Bf5 51. h5 Rg4+ 52. Kf3 Rg5 53.
h6 Rh5 54. Rxf5 gxf5 55. Bg7 Kf7 56. Kf4 Ke6 {Normal} 0-1

[Event "Rated Blitz game"]
[Site "?"]
[Date "2021.11.18"]
[Round "?"]
[White "bigote22"]
[Black "batasjon"]
[Result "1-0"]
[WhiteElo "2424"]
[BlackElo "2442"]
[PlyCount "121"]
[EventDate "2021.??.??"]
[EventType "blitz"]

1. e4 e5 2. Nf3 d5 3. exd5 e4 4. Qe2 Nf6 5. d3 Qxd5 6. dxe4 Qxe4 7. Qxe4+ Nxe4
8. Bd3 Nc5 9. Bc4 Be6 10. Bxe6 Nxe6 11. O-O Nc6 12. c3 O-O-O 13. Be3 Bc5 14.
Bxc5 Nxc5 15. Na3 f6 16. Rfd1 Na4 17. Rxd8+ Rxd8 18. Rb1 Nxb2 19. h3 Na4 20. c4
a6 21. Rb4 Rd1+ 22. Kh2 Nc5 23. Rb2 Rd3 24. Nc2 Rc3 25. Ne3 Na5 26. Rb4 Ra3 27.
Rb2 Ra4 28. Rc2 Nd3 29. Rd2 Nc5 30. Nd5 Nxc4 31. Ne7+ Kb8 32. Rd8+ Ka7 33. Nc8+
Kb8 34. Nb6+ Ka7 35. Nxa4 Nxa4 36. Rd7 Kb6 37. Rxg7 Nc3 38. Rxh7 Nxa2 39. h4 a5
40. h5 a4 41. Nd4 Ne5 42. h6 Nb4 43. Rh8 Ng4+ 44. Kg3 Nxh6 45. Rxh6 Kc5 46. Ne2
Kc4 47. Rxf6 a3 48. Rf4+ Kb3 49. Kf3 c5 50. g4 Kb2 51. Rf8 a2 52. Ra8 Na6 53.
Rb8 a1=Q 54. Rxb7+ Nb4 55. Re7 Qa3+ 56. Re3 Qa8+ 57. Kg3 Qb8+ 58. f4 Nd5 59.
Rf3 Qe8 60. g5 Qxe2 61. Rf2 {Time forfeit} 1-0

[Event "Rated Blitz game"]
[Site "?"]
[Date "2021.11.18"]
[Round "?"]
[White "PimponNicois"]
[Black "Drink_678"]
[Result "1-0"]
[WhiteElo "2436"]
[BlackElo "2463"]
[PlyCount "115"]
[EventDate "2021.??.??"]
[EventType "blitz"]

1. e4 e5 2. Nf3 d5 3. exd5 e4 4. Qe2 Qe7 5. Nd4 Nf6 6. c4 Nbd7 7. d3 exd3 8.
Qxe7+ Bxe7 9. Bxd3 Nc5 10. Bc2 Nfe4 11. O-O Nd6 12. b3 O-O 13. Nd2 Bf6 14. Bb2
a5 15. a4 Bd7 16. Rfe1 Rfe8 17. Kf1 Na6 18. Rxe8+ Rxe8 19. Re1 Nb4 20. Bb1 c5
21. dxc6 Nxc6 22. Nxc6 Bxb2 23. Rxe8+ Nxe8 24. Ne7+ Kf8 25. Nd5 Bc6 26. Be4 Nd6
27. Ke2 Bc1 28. Bf3 Bd7 29. Ne4 Nf5 30. Kd3 Ba3 31. Nec3 Bc5 32. Ne4 Ba7 33. c5
Be6 34. Kc4 h6 35. Nec3 Bd7 36. Nb5 Nh4 37. Be4 Bb8 38. g3 Nf5 39. f4 Ne7 40.
Nxe7 Kxe7 41. Bxb7 Be6+ 42. Bd5 Bh3 43. c6 Bf1+ 44. Kc5 Kd8 45. Kb6 Bxb5 46.
axb5 Bc7+ 47. Kc5 a4 48. bxa4 Ba5 49. b6 Kc8 50. Be6+ fxe6 51. g4 e5 52. fxe5
Bc3 53. e6 Bf6 54. c7 Kb7 55. Kb5 Be7 56. a5 Kc8 57. Kc6 Bd6 58. b7# {Normal}
1-0

[Event "Rated Blitz game"]
[Site "?"]
[Date "2021.11.18"]
[Round "?"]
[White "kill_mms"]
[Black "Roberto_Baggio1978"]
[Result "1-0"]
[WhiteElo "2645"]
[BlackElo "2634"]
[PlyCount "115"]
[EventDate "2021.??.??"]
[EventType "blitz"]

1. e4 e5 2. Nf3 d5 3. Nc3 d4 4. Ne2 f6 5. c3 c5 6. Ng3 Be6 7. Bb5+ Nd7 8. O-O
Ne7 9. Ne1 a6 10. Be2 g5 11. Bg4 Qb6 12. Bxe6 Qxe6 13. Qh5+ Qf7 14. Qg4 h5 15.
Qe2 h4 16. Nf5 Nxf5 17. exf5 Bd6 18. cxd4 cxd4 19. Nf3 O-O-O 20. d3 Nb6 21. Nd2
Nd5 22. Ne4 Kb8 23. Bd2 Qe7 24. Rfc1 Rc8 25. Qf3 Bb4 26. Rc4 Bxd2 27. Nxd2 Nf4
28. g3 hxg3 29. fxg3 Rxc4 30. dxc4 g4 31. Qxg4 Nd3 32. Ne4 Nc5 33. Rb1 Rc8 34.
b3 Nxe4 35. Qxe4 Qb4 36. Rd1 Qc3 37. Qd3 Qb2 38. Rd2 Qa1+ 39. Kg2 Re8 40. Re2
Ka7 41. h4 Qc1 42. b4 Rc8 43. c5 a5 44. a3 a4 45. Rc2 Qe1 46. Re2 Qc1 47. h5
Rg8 48. Qb5 Qf4 49. Qxa4+ Kb8 50. Qb3 Qg4 51. Rf2 Qxh5 52. Qxg8+ Ka7 53. Qd5
Qg5 54. c6 Qe3 55. cxb7 Qc3 56. Qa5+ Kxb7 57. Qd5+ Kc7 58. Rf3 {Time forfeit}
1-0

[Event "Rated Blitz game"]
[Site "?"]
[Date "2021.11.18"]
[Round "?"]
[White "Practicando"]
[Black "StopJoking"]
[Result "1/2-1/2"]
[WhiteElo "2406"]
[BlackElo "2252"]
[PlyCount "203"]
[EventDate "2021.??.??"]
[EventType "blitz"]

1. e4 e5 2. Nf3 d5 3. exd5 e4 4. Qe2 Nf6 5. d3 Qxd5 6. Nbd2 Nc6 7. dxe4 Qe6 8.
Qc4 Qg4 9. h3 Qh5 10. Qb3 Be7 11. Bc4 O-O 12. O-O Na5 13. Qd3 Nxc4 14. Nxc4 Be6
15. Bf4 Rfd8 16. Qc3 Nxe4 17. Qe5 Qxe5 18. Nfxe5 f6 19. Rfe1 fxe5 20. Nxe5 Nf6
21. Nf3 Kf7 22. Ng5+ Kg8 23. Nxe6 Re8 24. Nxc7 Rac8 25. Nxe8 Rxe8 26. Rad1 Kf7
27. Be5 Rc8 28. c3 Ne8 29. Bd4 Nc7 30. f4 Nb5 31. Re2 a6 32. Rde1 Bd6 33. Be5
Bc5+ 34. Kh1 Rd8 35. a4 Na7 36. Bd4 Bxd4 37. cxd4 Nc6 38. b4 h6 39. Rd2 Rd5 40.
b5 axb5 41. axb5 Rxb5 42. d5 Nd8 43. d6 Rb6 44. Re7+ Kf6 45. Re8 Nc6 46. d7
Rb1+ 47. Kh2 Rb5 48. d8=Q+ Nxd8 49. Rexd8 Rc5 50. R8d6+ Kf5 51. R6d5+ Rxd5 52.
Rxd5+ Ke6 53. Rb5 Kf6 54. Rxb7 Kg6 55. Rb6+ Kf5 56. g4+ Ke4 57. Rg6 Kxf4 58.
Rxg7 h5 59. Rh7 hxg4 60. hxg4 Kxg4 61. Rh3 Kf5 62. Rg3 Ke5 63. Kg2 Kd5 64. Kf3
Ke5 65. Rg4 Kd5 66. Kg3 Ke5 67. Rf4 Kd5 68. Kf3 Ke5 69. Re4+ Kd5 70. Ke3 Kc5
71. Kd3 Kd5 72. Rg4 Kc5 73. Rh4 Kc6 74. Rh5 Kd6 75. Kd4 Ke6 76. Ke4 Kf6 77. Ra5
Kg6 78. Kf4 Kf6 79. Ra6+ Ke7 80. Ke5 Kd7 81. Ra7+ Kc6 82. Rh7 Kb5 83. Rh6 Kc4
84. Rd6 Kc3 85. Ke6 Kb3 86. Rd5 Kc3 87. Ke5 Kb3 88. Rd4 Kc3 89. Ke4 Kb3 90.
Rd3+ Kb4 91. Rd7 Kc5 92. Ke5 Kb5 93. Rd8 Kc5 94. Rd4 Kb5 95. Ke6 Kc5 96. Rd5+
Kc4 97. Rd6 Kb4 98. Rd7 Kc4 99. Rd8 Kb4 100. Rd7 Kc4 101. Rd8 Kb4 102. Rd7 {
Normal} 1/2-1/2

[Event "Rated Blitz tournament 8lVLqZOe"]
[Site "?"]
[Date "2021.11.18"]
[Round "?"]
[White "parwizQaderi"]
[Black "Madjrs72"]
[Result "0-1"]
[WhiteElo "2400"]
[BlackElo "2326"]
[PlyCount "84"]
[EventDate "2021.??.??"]
[EventType "blitz"]

1. e4 e5 2. Nf3 d5 3. exd5 e4 4. Nd4 Qxd5 5. Nb3 Nf6 6. Nc3 Qe5 7. Bc4 Bd6 8.
g3 Nc6 9. Qe2 Bg4 10. Qe3 Nb4 11. O-O Nxc2 12. f4 Qe7 13. Qf2 Nxa1 14. Nd4 Bc5
15. d3 O-O-O 16. Be3 Bxd4 17. Bxd4 e3 18. Bxe3 Nc2 19. Bxa7 Nb4 20. Bc5 Qd7 21.
Bxb4 Rhe8 22. Rc1 Qd4 23. Qxd4 Rxd4 24. Nb5 Rd7 25. Ba5 c6 26. Nc3 Be6 27. Na4
Rd4 28. Bc3 Rdd8 29. Be5 b5 30. Bxb5 Bd5 31. Bxc6 Bxc6 32. Rxc6+ Kb7 33. Rc7+
Ka6 34. Nc5+ Kb6 35. Rxf7 Kxc5 36. Rxg7 Nd7 37. Bc3 Nb6 38. Rxh7 Rxd3 39. Rh5+
Nd5 40. Be5 Rd2 41. a3 Kc4 42. Bg7 Re1# {Normal} 0-1